Statystyki dla Wszystkie współczesne państwa kontrolowane przez Belgię

Kliknij tutaj aby rozwiązać quiz!

Ogólne statystyki

  • Ten quiz został rozwiązany 3 336 razy
  • Średni wynik to 10 z 14

Odpowiedzi na mapie

Odpowiedzi skodowane kolorowo w zielono-czerwonej skali na mapie do tego quizu, zgodnie z poniższymi procentami.
 

Statystyki odpowiedzi

Państwo% Poprawnych
Belgia
96%
Francja
95%
Holandia
95%
Niemcy
95%
Luksemburg
94%
Demokratyczna Republika Konga
88%
Rwanda
70%
Republika Środkowoafrykańska
65%
Burundi
64%
Uganda
64%
Włochy
60%
Sudan Południowy
59%
Gwatemala
43%
Chiny
33%

Rozkład punktacji

Percentyl według liczby udzielonych odpowiedzi

Procent ludzi z każdym wynikiem

Twoja historia wyników

Nie rozwiązałeś tego quizu